[Event "Rio de Janeiro Motta Memorial 2nd"]
[Site "Rio de Janeiro"]
[Date "2018.03.20"]
[Round "5"]
[White "Pereira, Emmanuel"]
[Black "De Faria, Daniel"]
[Result "0-1"]
[WhiteElo "1681"]
[BlackElo "1655"]
[PlyCount "115"]
[EventDate "2018.02.20"]
[EventType "swiss"]
[EventRounds "6"]
[EventCountry "BRA"]
[SourceTitle "CBM 183 Extra"]
[Source "ChessBase"]
[SourceDate "2018.04.19"]
[SourceVersion "1"]
[SourceVersionDate "2018.04.19"]
[SourceQuality "1"]

1. d4 Nf6 2. c4 g6 3. Nc3 d5 4. Nf3 Bg7 5. Bg5 0-0 6. e3 Bg4 7. Bxf6 Bxf6 8. Nxd5 Bg7 9. Be2 c5 10. h3 Bxf3 11. Bxf3 Nc6 12. 0-0 cxd4 13. exd4 Nxd4 14. Rb1 b5 15. cxb5 Rc8 16. Nc3 Qa5 17. Bc6 Nxc6 18. bxc6 Rxc6 19. Qa4 Ra6 20. Qxa5 Rxa5 21. Rfd1 Bxc3 22. bxc3 Rxa2 23. Rd7 Re8 24. Rc1 Kf8 25. c4 Rc8 26. c5 Ra6 27. Kh2 h5 28. Kg3 g5 29. h4 Ra3+ 30. f3 g4 31. c6 Ke8 32. Rb7 gxf3 33. gxf3 Ra6 34. Rc5 Raxc6 35. Rxh5 R8c7 36. Rh8+ Kd7 37. Rb1 Rg6+ 38. Kf2 Rc2+ 39. Ke3 Re6+ 40. Kd3 Rc8 41. Rh7 Rf6 42. Ke2 Rc2+ 43. Kd3 Rh2 44. Rb7+ Ke6 45. Ke3 Rh3 46. Ke2 Rfxf3 47. Rxa7 Re3+ 48. Kd2 Rd3+ 49. Ke2 Kf6 50. Ra6+ e6 51. Ra7 Rhe3+ 52. Kf2 Rf3+ 53. Ke2 Rde3+ 54. Kd2 Kg6 55. Rhxf7 Rxf7 56. Rxf7 Rh3 57. Rf4 e5 58. Re4 0-1